Statistics for Fictional Characters by Country #1

Click here to take the quiz!

General Stats

  • This quiz has been taken 45,356 times
    (35,818 since last reset)
  • The average score is 13 of 21

Answer Stats

CharacterCountry% Correct
Harry PotterUnited Kingdom
98%
Mr. MiyagiJapan
89%
Count DraculaRomania
87%
QuasimodoFrance
87%
SpidermanUnited States
87%
MulanChina
83%
GeppettoItaly
74%
BoratKazakhstan
69%
Ivan DragoRussia
69%
HamletDenmark
66%
MowgliIndia
57%
Sancho PanzaSpain
56%
Hercule PoirotBelgium
52%
WolverineCanada
49%
MacheteMexico
48%
MagnetoGermany
44%
Ricky RicardoCuba
37%
Lisbeth SalanderSweden
35%
Dame EdnaAustralia
32%
XenaGreece
31%
Dr. FrankensteinSwitzerland or Italy
29%

Score Distribution

Percentile by Number Answered

Percent of People with Each Score

Your Score History

You have not taken this quiz since the last reset